000 00465nam a2200217Ia 4500
003 IT-RoPAU
008 120407s9999 xx 000 0 und d
040 _aIT-RoPAU
040 _cIT-RoPAU
041 _aita
100 _aJoseph-Marie Lagrange
245 _aL’Evangelo di Gesù Cristo. 4a ed.
250 _aBrescia
260 _aMorcelliana
260 _c1943
300 _a592 p.
300 _c22,5 cm
490 _v1
942 _cBK
999 _c35943
_d35943